000 00333nam a22001337a 4500
020 _a9780262240451
082 _a794.81526 KAT
100 _aKatie Salen
245 _aRules of play : game design fundamentals
260 _aLondon
_bMIT press
_c2004
300 _axiii, 672p. :
_e24 cm
650 _aComputer games--Design
942 _cBK
999 _c12832
_d12832